| 000 | 01171nam a2200301 i 4500 | ||
|---|---|---|---|
| 001 | 178901 | ||
| 003 | ES-MaACL | ||
| 005 | 20240129115655.0 | ||
| 008 | 110730s2009 sp |||| |dspa d | ||
| 020 | _a978-84-7784-548-5 | ||
| 080 | _a929 Miró, Gabriel | ||
| 100 | 1 |
_aMiró, Gabriel. _981602 |
|
| 245 | 1 | 0 |
_aEpistolario / _cGabriel Miró ; edición de Ian R. Macdonald y Frederic Barberà, con la colaboración de Alba Chaparro. |
| 260 |
_aAlicante : _bCaja Mediterráneo : _bInstituto Alicantino de Cultura "Juan Gil-Albert", _c2009. |
||
| 300 |
_a749 p. : _b1 retr. ; _c23 cm. |
||
| 490 | 1 |
_aObra completa ; _v20 |
|
| 500 | _aÍndice onomástico. | ||
| 504 | _aBibliografía. p. [35]-39. | ||
| 600 | 1 | 7 |
_aMiró, Gabriel- _vCorrespondencia. _9147484 |
| 700 | 1 |
_aMacDonald, Ian R. _9147485 |
|
| 700 | 1 |
_aBarberà, Frederic. _9147486 |
|
| 700 | 1 |
_aChaparro, Alba. _9147487 |
|
| 710 | 2 |
_aInstituto de Cultura "Juan Gil-Albert" _94857 |
|
| 830 | 0 |
_aObra completa ; _v20 _9228229 |
|
| 852 |
_aES-MaACL _jA-11395 _9185767 _bR.145788 _cDEPO1 _dOlim: N-4399 _xDonación: Editorial |
||
| 942 |
_2udc _cMONOGRAFIA |
||
| 999 |
_c178901 _d178901 |
||